| 000 | 01555cam a22004574i 4500 | ||
|---|---|---|---|
| 003 | PE-LiUPU | ||
| 005 | 20250731173545.0 | ||
| 008 | 150616s r 000 0 d | ||
| 020 | _a0664218474 | ||
| 035 | _a(Sirsi) i9780664218478 | ||
| 040 |
_aPE-LiUPU _bspa _cPE-LiUPU _erda |
||
| 049 | _aPRUA | ||
| 082 | 0 | 4 |
_a221.07 _bOTL _221 |
| 100 | 1 |
_aAlbertz, Rainer, _eautor. |
|
| 245 | 1 | 2 |
_aA History of Israelite Religion in the Old Testament Period : _bVolume II: From the Exile to Maccabees / _cRainer Albertz. |
| 264 | 1 |
_aLouisville, Kentuky, U.S.A. : _bWestminster John Knox Press, _c1994. |
|
| 300 |
_apáginas 369-740 ; _c23 centímetros. |
||
| 336 |
_atext _2rdacontent |
||
| 337 |
_aunmediated _2rdamedia |
||
| 338 |
_avolume _2rdacarrier |
||
| 490 | 0 | _a(The Old Testament Library) | |
| 504 | _aNotas bibliográficas. | ||
| 505 | 0 | _aThe history of israelite religion in the Exilic Period -- The history of israelite religion in the post-exilic period. | |
| 526 | _aSEG42 | ||
| 526 | _aSEG41 | ||
| 526 | _aSEG40 | ||
| 526 | _aSEG39 | ||
| 526 | _aP94 | ||
| 526 | _aP87 | ||
| 526 | _aP86 | ||
| 526 | _aP85 | ||
| 526 | _aP77 | ||
| 526 | _aP76 | ||
| 526 | _aP35 | ||
| 650 | 0 | 4 |
_aJudíos _xHistoria _y586 A.C.-70 D.C. |
| 910 | _ajck | ||
| 942 |
_2ddc _cBK |
||
| 949 |
_a221.07 OTL 40B _wDEWEY _c1 _i42750 _lCCODEBUL1 _mBUL _r0 _sY _tBOOK _u2015-6-16 _xTEOLOGIA _zUNKNOWN _0COMPRA _o.STAFF. Colección General |
||
| 999 |
_c60713 _d60713 |
||
| 980 |
_81 _gALBERTO SANCHEZ Responsable de Automatización |
||